000 00895nam a22001937a 4500
008 100407s2007 mr|||||r|||| 001 0 ara d
020 _a9789953680752
082 _222
_a301
_bح ج ا
100 _913376
_aحجازي، مصطفى
245 _aالتخلف الإجتماعي :
_bمدخل إلى سيكولوجية الإنسان المقهور /
_cمصطفى حجازي
250 _aط 10
260 _aالدار البيضاء :
_bالمركز الثقافي العربي ، 2007
_c2007
300 _a255 ؛ ص
_c23 سم
504 _aيشتمل على ببليوجرافية ص 231-232 وكشاف
650 _913377
_aالتخلف الإجتماعي
650 _913378
_aالقهر الإجتماعي
942 _2ddc
_cBB
999 _c13857
_d13857